00312nam a2200121Ia 4500008004100000041000800041082001600049100001900065245004400084260002600128300003100154365000500185240624s9999 xx 000 0 und d aeng a330.905 REI aREICH ROBERT B aWORK OF NATIONS PREPARING OURSELVES FOR c1991aNew YorkbKnopf axii, : 331 : p. : cm. ; 24 c